MYB pocket guide 2002 (Record no. 101944)

MARC details
000 -LEADER
fixed length control field 00694cam a2200205 4500
001 - CONTROL NUMBER
control field J117117
008 - FIXED-LENGTH DATA ELEMENTS--GENERAL INFORMATION
fixed length control field 000000n2002 000 0 eng u
035 ## - SYSTEM CONTROL NUMBER
System control number (Sirsi) u117117
050 ## - LIBRARY OF CONGRESS CALL NUMBER
Classification number 352.0025
110 ## - MAIN ENTRY--CORPORATE NAME
Corporate name or jurisdiction name as entry element Hemming Information Services
9 (RLIN) 4202
245 ## - TITLE STATEMENT
Title MYB pocket guide 2002
260 ## - PUBLICATION, DISTRIBUTION, ETC.
Place of publication, distribution, etc. London
Name of publisher, distributor, etc. Hemming Information Services
Date of publication, distribution, etc. 2002
300 ## - PHYSICAL DESCRIPTION
Extent 40p.
Dimensions 21cm.
520 ## - SUMMARY, ETC.
Summary, etc. Pocket edition of the "Municipal year book " giving the name of the Chief Executive and contact details for every local authority in Great Britain and Northern Ireland.
650 ## - SUBJECT ADDED ENTRY--TOPICAL TERM
Topical term or geographic name entry element DIRECTORIES
650 ## - SUBJECT ADDED ENTRY--TOPICAL TERM
Topical term or geographic name entry element LOCAL AUTHORITIES
650 ## - SUBJECT ADDED ENTRY--TOPICAL TERM
Topical term or geographic name entry element COUNTY COUNCILS
690 ## - LOCAL SUBJECT ADDED ENTRY--TOPICAL TERM (OCLC, RLIN)
Topical term or geographic name as entry element LOCAL GOVERNMENT
942 ## - ADDED ENTRY ELEMENTS (KOHA)
Suppress in OPAC 0
Holdings
Withdrawn status Lost status Source of classification or shelving scheme Damaged status Not for loan Home library Current library Shelving location Date acquired Total Checkouts Full call number Barcode Date last seen Copy number Price effective from Koha item type
    Dewey Decimal Classification     London London Books 12/03/2002   352.0025 HEM 30065443 06/08/2019 1 06/08/2019 Book